| 000 | 00811nas a2200277 4500 | ||
|---|---|---|---|
| 001 | BR9202738 | ||
| 003 | BR-BrBNA | ||
| 005 | 20231205092537.0 | ||
| 007 | ta | ||
| 008 | 230509b bl.|||p| |||| 00| 00por d | ||
| 040 |
_aBR-BrBNA _bpor _cBiblioteca Nacional de Agricultura |
||
| 041 | _a(Pt) | ||
| 072 | _aT01 | ||
| 100 | 1 | _aAndrea, M.M. de | |
| 100 | 1 | _aRuegg, E.F. | |
| 100 | 1 | _aMello, M.H.S.H. de | |
| 100 | 1 | _aMesquita, T.B. | |
| 245 | 1 | _aBio-degradacao do 14C-DDT em solo | |
| 246 | 1 | _aSoil biodegradation of 14C-DDT | |
| 650 | _aINSETICIDA | ||
| 650 | _aPERSISTENCIA DE PESTICIDA | ||
| 650 | _aSOLO | ||
| 773 | 0 |
_tArquivos do Instituto Biologico (Brazil) _xISSN 0020-3653 _g(Jan-Dec 1990), v. 57(1-2) p. 21-24 _wBR9202738 |
|
| 909 |
_a202311 _bLúcia _c55 _dLúcia Elande |
||
| 942 |
_2AGRIS _n0 _cANA |
||
| 999 |
_c132441 _d132441 |
||